000 00926nam a22003017a 4500
003 CHAP
005 20220329143507.0
008 100208s1936 us a r 00010 eng d
010 _a97497
011 _a98469
035 _a109154
040 _cCHAP
082 0 4 _a917.2
_bH39
100 1 _aHenry Jackson, Joseph
_953632
245 1 0 _aMexican interlude
_c/by Joseph Henry Jackson
260 _aNew York. :
_bMacmillan,
_c1936
300 _a232 p. :
_bilus.
590 _aBATCH-UPD
_b10
_c20130110
_lUCH01
_h0944
590 _aBATCH-UPD
_b10
_c20130410
_lUCH01
_h0600
590 _aBATCH-UPD
_b10
_c20130914
_lUCH01
_h0946
590 _aCONVERSION
_b10
_c20130109
_lUCH01
_h1354
650 1 4 _aCiudades y pueblos
_xMéxico.
_923525
650 1 4 _aLiteratura.
_967113
650 1 4 _aMéxico
_xDescripción y viaje.
_976737
901 _aBK
942 _cLIBRO
949 _a917.2 H39
_bBC
_cLIBRO
_d33724002119389
_eLIBRO
_h111628
_i109154
_sb
999 _c97497
_d97497